Т. 16, № 5; Нефтегазовое дело

Библиографические подробности
Источник:Нефтегазовое дело: научно-технический журнал/ Российская академия наук (РАН), Уральское отделение (УрО), Институт минералогии (ИМ) ; Уфимский государственный нефтяной технический университет (УГНТУ). Т. 16, № 5.— : [Б. и.], 2016-.— 2073-0128
Язык:русский
Опубликовано: 2018
Online-ссылка:http://ogbus.ru/issue/view/400
Формат: MixedMaterials Электронный ресурс Книга
Запись в KOHA:https://koha.lib.tpu.ru/cgi-bin/koha/opac-detail.pl?biblionumber=581383

MARC

LEADER 00000nam2a2200000 4500
001 581383
005 20231101130648.0
035 |a (RuTPU)RU\TPU\prd\281444 
035 |a RU\TPU\prd\280991 
090 |a 581383 
100 |a 20181127a20169999k y0rusy50 ca 
101 0 |a rus 
102 |a RU 
181 0 |a i  
182 0 |a b 
200 0 |a Т. 16, № 5  |b Электронный ресурс 
203 |a Текст  |c электронный 
210 |d 2018 
461 1 |0 (RuTPU)RU\TPU\prd\280979  |x 2073-0128  |t Нефтегазовое дело  |o научно-технический журнал  |f Российская академия наук (РАН), Уральское отделение (УрО), Институт минералогии (ИМ) ; Уфимский государственный нефтяной технический университет (УГНТУ)  |v Т. 16, № 5  |n [Б. и.]  |d 2016- 
801 0 |a RU  |b 63413507  |c 20010227  |g PSBO 
801 1 |a RU  |b 63413507  |c 20160324 
801 2 |a RU  |b 63413507  |c 20181127  |g RCR 
856 4 0 |u http://ogbus.ru/issue/view/400 
942 |c BK